<?xml version="1.0" encoding="UTF-8"?>
<collection xmlns="http://www.loc.gov/MARC21/slim">
 <record>
  <leader>01861nam a2200205Ia 4500</leader>
  <controlfield tag="001">CTU_222449</controlfield>
  <controlfield tag="008">210402s9999    xx            000 0 und d</controlfield>
  <datafield tag="020" ind1=" " ind2=" ">
   <subfield code="c">5.98</subfield>
  </datafield>
  <datafield tag="082" ind1=" " ind2=" ">
   <subfield code="a">333.79​4</subfield>
  </datafield>
  <datafield tag="082" ind1=" " ind2=" ">
   <subfield code="b">R573</subfield>
  </datafield>
  <datafield tag="100" ind1=" " ind2=" ">
   <subfield code="a">Riley, Dohn</subfield>
  </datafield>
  <datafield tag="245" ind1=" " ind2="0">
   <subfield code="a">Turning the corner :</subfield>
  </datafield>
  <datafield tag="245" ind1=" " ind2="0">
   <subfield code="b">Energy solutions for the 21st century</subfield>
  </datafield>
  <datafield tag="245" ind1=" " ind2="0">
   <subfield code="c">Dohn Riley, Mark McLaughlin</subfield>
  </datafield>
  <datafield tag="260" ind1=" " ind2=" ">
   <subfield code="a">Tahoe City, CA</subfield>
  </datafield>
  <datafield tag="260" ind1=" " ind2=" ">
   <subfield code="b">Alternative Energy Institute</subfield>
  </datafield>
  <datafield tag="260" ind1=" " ind2=" ">
   <subfield code="c">2001</subfield>
  </datafield>
  <datafield tag="520" ind1=" " ind2=" ">
   <subfield code="a">Alternative Energy Institute, Inc, (AEI) is a nonprofit, educational organization dedicated to informing the public about the upcoming non-renewable fuel crisis. AEI's revolutionary new book, &quot;Turning the Corner: Energy Solutions for the 21st Century&quot; presents the latest information about new energy research, both conventional and exotic, written in clear, straight-forward and compelling text. The energy field changes quickly, and, in order to keep pace with it, AEI has coupled this book with a portion of its website in order to provide the reader with the latest developments. The book covers the possibilities of energy conservation and efficiency, as well as renewable energy resources, but is also focused on potential emerging energy and propulsion technologies that may be developed in the 21st Century. This 385-page book is completely footnoted with Internet links and print media sources for the reader interested in delving deeper into the new energy field or relevant topics. Chapters include: &quot;Cold Fusion: Fact or Fiction?&quot;, &quot;Zero-Point Energy: Sailing the Sea of Energy,&quot; and &quot;Universal Forces: Blackholes, Electrogravitics, &amp; Deep Space Propulsion.&quot; This is a very exciting and well-researched book, one that AEI believes is long overdue.</subfield>
  </datafield>
  <datafield tag="650" ind1=" " ind2=" ">
   <subfield code="a">Renewable energy sources,Năng lượng tái sinh</subfield>
  </datafield>
  <datafield tag="980" ind1=" " ind2=" ">
   <subfield code="a">Trung tâm Học liệu Trường Đại học Cần Thơ</subfield>
  </datafield>
 </record>
</collection>
